000
00152nam a22000857a 4500
082
_a
823
100
_a
C-SCHIMID
245
_a
THE GREATFUL LION
942
_c
BK
999
_c
8501
_d
8501